000 01312nam a2200349 a 4500
001 000109678
003 CHAP
005 20220329144059.0
008 140520s2014 mx a sm |||||||spa d
010 _a106140
011 _a107112
040 _cCHAP
090 _aTesis
100 1 _aVicuña Mendoza, María Fernanda.
_9126936
245 1 0 _aCuestiones de vulnerabilidad y violencia hacia mujeres migrantes centroamericanas en tránsito por México
_h[En línea]
_cpor Maria Fernanda Vicuña Mendoza.
260 _aChapingo, Méx. :
_bEl autor,
_c2014.
500 _aPara ver el contenido del material haga clic en la liga
502 _aTesis (Ing. Agr. Esp. en Sociología Rural) -- UACH. Departamento de Sociología Rural
590 _aBATCH-UPD
_b05
_c20140520
_lUCH01
_h0922
590 _aBATCH-UPD
_b05
_c20141002
_lUCH01
_h0904
590 _aBATCH-UPD
_b05
_c20170516
_lUCH01
_h0859
590 _aE5652GLJ
_b05
_c20140520
_lUCH01
_h0921
590 _aE5652GLJ
_b05
_c20140520
_lUCH01
_h0922
650 1 4 _aDerechos humanos.
_931916
650 1 4 _aMujer
_xDiscriminación.
_979320
650 1 4 _aMujeres inmigrantes.
_9126941
650 1 4 _aMujeres
_xViolencia contra.
_9126942
856 _aFinding aid
_uhttp://10.13.5.2/tesis/sist109678.pdf
_zTeclea aquí
901 _aBK
942 _cTESIS
942 _n0
999 _c106140
_d106140